000 00522nam a2200193Ia 4500
005 20260120132135.0
008 008 260114s9999 xx 000 0 eng d
020 _a9781383001464
037 _aEBOOK
040 _aCRL
_beng
_cCRL
041 _aeng
_2eng
084 _qCRL
100 _aHope
_9935415
245 0 _aHormone Replacement Therapy
260 _bOxford University PressOxford University Press
_c2023
856 _uhttps://academic.oup.com/book/52593
942 _cEBOOK
999 _c1527338
_d1527338